Kpop song name = Kpop artist name - Statistics

General Stats
  • This quiz has been taken 23 times
  • The average score is 4 of 27
Answer Stats
SONG % Correct
Boygroup Stray Kids
67%
Girlgroup New Jeans
52%
Girlgroup UNCHILD
43%
Girlgroup Girl's Generation
38%
Girlgroup MEOW
38%
Boygroup Bigbang
24%
Soloist YOU&I
24%
Girlgroup IZNA
19%
Girlgroup BADVILLAIN
14%
Boygroup Pentagon
14%
Girlgroup CLASSY
10%
Soloist LALISA
10%
Girlgroup Pop? Pop! (첫사랑)
10%
Soloist Agust D
5%
Boygroup Close Your Eyes
5%
Girlgroup woo!ah!
5%
Boygroup Boyfriend
0%
Girlgroup bugAboo
0%
Girlgroup DREAM NOTE
0%
Girlgroup Good Girl (AtHeart)
0%
Boygroup KEYVITUP
0%
Girlgroup LATENCY
0%
Girlgroup Playback
0%
Girlgroup SAY MY NAME
0%
Boygroup TOPDOG
0%
Co-ed Sub unit Trouble Maker
0%
Girlgroup V.V.$
0%
No matching quizzes found
Score Distribution
Percent of People with Each Score
Percentile by Number Answered
Your Score History
You have not taken this quiz